000 00561nam a22002057a 4500
005 20231130111208.0
008 010101b xxu||||| |||| 00| 0 eng d
020 _a9788184574326
_c995
040 _aLoreto College
041 _aEnglish
082 _a302.23
_bANI
100 _aAnita, G
245 _aNews editing
_bPrinciples and practices
_cDr. G. Anita
260 _aNew Delhi
_bKanishka Publishers, Distributors
_c2013
300 _a316p
_b23 cm
504 _aIncludes index
650 _aNews
_vEditing
_xMedia Studies
850 _aLCLIB
942 _cBK
999 _c40056
_d90535